00572cam a22002057a 4500001001000000003000500010005001700015008004100032010001000073011001000083035001000093040000900103110005000112245005900162260004400221300001900265490003500284650001200319830003500331000066235CHAP20220329141217.0971010s1973 mx a r 00010 spa d a64430 a65402 a72124 cCHAP2 aComisión Nacional de Fruticultura. México13aEl cultivo del cerezo, aspectos de su aprovechamiento. aMéxico, D.F. :bLa Comisión,c1973. a32 p. :bilus.1 aSerie técnica. Folletov; 1114aCereza.00aSerie técnica. Folletov; 11